| 000 | 00744nam a2200217 i 4500 | ||
|---|---|---|---|
| 001 | 69384 | ||
| 003 | ES-MaACL | ||
| 005 | 20250920063045.0 | ||
| 007 | t| | ||
| 008 | 040705s1967 sp ||||1| spa d | ||
| 100 | 1 |
_aGarcía Blanco, Manuel, _d1902-1966 _954272 |
|
| 245 | 1 | 3 |
_aLa lengua española en la epoca de Carlos V y otras cuestiones de lingüistica y filologia / _cManuel García Blanco. |
| 260 |
_a[Madrid] : _bEscelicer, _c[1967] |
||
| 300 |
_a309 p. ; _c19 cm. |
||
| 490 | 1 |
_aColección "21" ; _v15 |
|
| 650 | 0 | 4 |
_aLengua española- _vHistoria. _914166 |
| 650 | 0 | 4 |
_aLengua española- _xLexicología. _914172 |
| 830 | 0 |
_aColección "21" ; _v15 _9180842 |
|
| 852 |
_aES-MaACL _jC-34248 _bR.64924 |
||
| 999 |
_c69384 _d69384 |
||